000 00756nam a2200253Ia 4500
003 OSt
005 20221005050701.0
006 a|||||r|||| 00| 0
007 ta
008 221004b |||||||| |||| 00| 0 urd d
020 _c50
024 _a32705
037 _b3376, 25/03/2010, Educational Publishing House
_cTextual
040 _aCRL
_cCRL
_burd
041 _2urd
_aurd
082 _aO168,6N42w, M8
100 _aKausri Aazad Au.
_9595038
245 0 _aTashakkhus ka bahooran
260 _aLahore
_bNigarisht Pakistan
_c1988
300 _a95p.
_ccm.
650 _aURDU PROSE
_926866
942 _hO168,6N42w, M8
_cTEXL
_2cc
999 _c957536
_d957536